[Event "KILO VI"]
[Site "http://www.queenalice.com/game.php?id=1305602"]
[Date "2014.9.1"]
[Round "-"]
[White "rogeriooliveira"]
[Black "IgorAbreu"]
[Result "0-1"]
[WhiteElo "1346"]
[BlackElo "1429"]

1. e4 e5 2. d4 Qe7 3. dxe5 Qxe5 4. Nc3 Bb4 5. Bd3 Bxc3+ 6. bxc3 Qxc3+ 7. Bd2 Qb2
8. Nf3 b6 9. Qb1 Qf6 10. O-O Nc6 11. Re1 Bb7 12. Bb5 Ne5 13. Nxe5 Qxe5 14. Bd3
Nf6 15. Qd1 h5 16. Re3 Nxe4 17. Bxe4 Bxe4 18. f3 Bxf3 19. Rxf3 O-O-O 20. Qf1
Qd4+ 21. Kh1 Qxd2 22. c4 Qd4 23. Rc1 Rhe8 24. Rxf7 Re3 25. Rf8 Rxf8 26. Qd1 Qb2
27. Rc2 Rf1+ 28. Qxf1 Qxc2 29. a4 Qd2 30. g3 Re1 31. Qxe1 Qxe1+ 32. Kg2 Qe4+ 33.
Kh3 Qxc4 34. a5 b5 35. Kg2 b4 36. h3 b3 37. Kf2 b2 38. g4 b1=Q 39. Kg3 Qe1+ 40.
Kf3 Qce4# 0-1

[Event "KILO XII"]
[Site "http://www.queenalice.com/game.php?id=1305610"]
[Date "2014.9.1"]
[Round "-"]
[White "rogeriooliveira"]
[Black "IgorAbreu"]
[Result "0-1"]
[WhiteElo "1360"]
[BlackElo "1415"]

1. e4 e5 2. d4 d6 3. dxe5 dxe5 4. Nf3 Bg4 5. Nc3 Nf6 6. Bb5+ c6 7. Be2 Nbd7 8.
O-O Bc5 9. Be3 Bxe3 10. fxe3 Qb6 11. Qd3 Qxb2 12. Rfb1 Qa3 13. Rb3 Qa5 14. Nd1
Nc5 15. Qc3 Nxb3 16. Qxb3 Nxe4 17. Qxb7 Qd8 18. Qxc6+ Kf8 19. Nxe5 Bxe2 20. Nf2
Nxf2 21. Kxf2 Qd2 22. Nd7+ Ke7 23. Qd5 Qxd5 24. Kxe2 Qxd7 25. Rd1 Rhd8 26. Rxd7+
Rxd7 27. c3 Rc8 28. g3 Rxc3 29. h3 Rdd3 30. a4 Rxe3+ 31. Kf2 Ke6 32. a5 Rxg3 33.
h4 Ke5 34. a6 Kf4 35. h5 Rc2+ 36. Ke1 Rg1# 0-1

[Event " A FAZENDA 7 VI"]
[Site "http://www.queenalice.com/game.php?id=1308841"]
[Date "2014.9.17"]
[Round "-"]
[White "rogeriooliveira"]
[Black "IgorAbreu"]
[Result "0-1"]
[WhiteElo "1260"]
[BlackElo "1442"]

1. f4 e6 2. d4 Nf6 3. Nc3 b5 4. b4 Bxb4 5. Bd2 c6 6. Nf3 O-O 7. Rb1 a5 8. Ng5
Nd5 9. Nxd5 cxd5 10. Bxb4 axb4 11. Rxb4 Qa5 12. Qd2 Qxa2 13. Kf2 f6 14. Nf3 Ba6
15. Qc3 Nc6 16. Rb2 Qa1 17. Nd2 b4 18. Qb3 Rab8 19. Rb1 Qxd4+ 20. Ke1 Qxf4 21.
Nf3 Nd4 22. Nxd4 Qxd4 23. Rd1 Qe4 24. Qf3 Qxc2 25. Rd2 Qc3 26. Qxc3 bxc3 27. Rc2
d4 28. Rc1 Rfc8 29. g3 c2 30. e4 d3 31. Kd2 Rb3 32. Rg1 f5 33. e5 Bb5 34. Bxd3
Bxd3 35. Ke3 g5 36. Rg2 Be4+ 37. Kf2 Bxg2 38. Kxg2 Rb1 39. Rxc2 Rxc2+ 40. Kh3 h6
41. g4 Rb3# 0-1

[Event "A FAZENDA 7 XVIII"]
[Site "http://www.queenalice.com/game.php?id=1308877"]
[Date "2014.9.17"]
[Round "-"]
[White "rogeriooliveira"]
[Black "IgorAbreu"]
[Result "0-1"]
[WhiteElo "1382"]
[BlackElo "1346"]

1. e4 e5 2. Nf3 Nf6 3. Nc3 c6 4. Bc4 b5 5. Bb3 b4 6. Ne2 Nxe4 7. O-O f6 8. Re1
Qb6 9. d3 Nxf2 10. Qd2 Nxd3+ 11. Kf1 Qf2# 0-1

[Event "A FAZENDA 7 XX"]
[Site "http://www.queenalice.com/game.php?id=1308879"]
[Date "2014.9.18"]
[Round "-"]
[White "rogeriooliveira"]
[Black "IgorAbreu"]
[Result "0-1"]
[WhiteElo "1407"]
[BlackElo "1391"]

1. e4 e5 2. Nf3 Nc6 3. d4 Nf6 4. Bb5 a6 5. Bxc6 dxc6 6. O-O Nxe4 7. Be3 f6 8.
Nc3 Nxc3 9. bxc3 b6 10. Re1 c5 11. dxc5 bxc5 12. Re2 g5 13. Nd2 Bb7 14. Qe1 Qd5
15. Rd1 Qxg2# 0-1

[Event "A FAZENDA  7 XXVIII"]
[Site "http://www.queenalice.com/game.php?id=1308888"]
[Date "2014.9.18"]
[Round "-"]
[White "rogeriooliveira"]
[Black "IgorAbreu"]
[Result "0-1"]
[WhiteElo "1251"]
[BlackElo "1451"]

1. e4 d5 2. exd5 Qxd5 3. d4 Nc6 4. Nf3 Bg4 5. h3 Bxf3 6. gxf3 e6 7. Nc3 Qf5 8.
Rg1 O-O-O 9. Bb5 Nxd4 10. Be2 Nxc2+ 11. Qxc2 Qxh3 12. Bf4 Nf6 13. Rg3 Qh1+ 14.
Bf1 Nh5 15. Rg4 Qxf3 16. Rh4 Nxf4 17. Rd1 Bb4 18. Be2 Nxe2 19. Qxe2 Bxc3+ 20.
bxc3 Qxc3+ 21. Kf1 g5 22. Ra4 Rxd1+ 23. Qxd1 Rd8 24. Qb1 b6 25. Rxa7 Kb8 26. Ra4
Qd3+ 27. Qxd3 Rxd3 28. Rg4 c5 29. Rc4 h5 30. a4 h4 31. Kg1 f5 32. Kg2 g4 33. Kg1
h3 34. Kh1 Rd2 35. Rf4 Kc7 36. f3 g3 37. Rh4 h2 38. Rxh2 gxh2 39. f4 c4 40. a5
b5 41. a6 c3 42. a7 c2 43. a8=Q c1=Q# 0-1

[Event "OS INCLIVEIS"]
[Site "http://www.queenalice.com/game.php?id=1317573"]
[Date "2014.10.24"]
[Round "-"]
[White "adelio"]
[Black "IgorAbreu"]
[Result "1-0"]
[WhiteElo "1792"]
[BlackElo "1404"]

1. d4 d5 2. e4 dxe4 3. Nc3 Nf6 4. f3 Nc6 5. Be3 e6 6. a3 e5 7. dxe5 Nxe5 8.
Qxd8+ Kxd8 9. Rd1+ Bd7 10. fxe4 Nfg4 11. Bf4 f6 12. h3 Nh6 13. Bxe5 fxe5 14. Nb5
c6 15. Nd6 Kc7 16. Nxb7 Kxb7 17. Rxd7+ Kc8 18. Rd2 Rb8 19. Ba6+ Kc7 20. b4 Rb6
21. Be2 Bd6 22. Nf3 Nf7 23. O-O h6 24. Rfd1 Rd8 25. Bc4 Rbb8 26. Bxf7 c5 27. Be8
Rxe8 28. Rxd6 cxb4 29. R6d5 bxa3 30. Ra5 Red8 31. Rxd8 Rxd8 32. Rxa3 Kb6 33.
Nxe5 Rc8 34. Rb3+ Ka5 35. c4 Ka4 36. Rb7 a5 37. Kf2 Re8 38. Rb5 Rc8 39. Rb1 Rc5
40. Ra1+ Kb4 41. Nd3+ Kxc4 42. Nxc5 Kxc5 43. Rxa5+ Kd6 44. g4 Ke6 45. Rf5 g6 46.
Rd5 g5 47. Ke3 Kf6 48. Kd4 Ke6 49. e5 1-0

[Event "Challenge"]
[Site "http://www.queenalice.com/game.php?id=1318568"]
[Date "2014.10.28"]
[Round "-"]
[White "gobblemate"]
[Black "IgorAbreu"]
[Result "0-1"]
[WhiteElo "1795"]
[BlackElo "1363"]

1. d4 e6 2. c4 d5 3. Nc3 dxc4 4. e4 c6 5. Bxc4 b5 6. Be2 Bb4 7. e5 Nd7 8. Bd2 a5
9. Ne4 Be7 10. Nf3 f6 11. O-O b4 12. Bc4 Nb6 13. Bb3 fxe5 14. dxe5 Ba6 15. Bxe6
Bxf1 16. Kxf1 Qd3+ 17. Qe2 Qc2 18. Be3 Qxe4 19. Bf7+ Kxf7 20. Ng5+ Bxg5 0-1

[Event "Challenge"]
[Site "http://www.queenalice.com/game.php?id=1318569"]
[Date "2014.10.28"]
[Round "-"]
[White "IgorAbreu"]
[Black "gobblemate"]
[Result "0-1"]
[WhiteElo "1393"]
[BlackElo "1857"]

1. e4 c5 2. Nf3 Nc6 3. Nc3 e6 4. d3 Nd4 5. Be3 Nf6 6. e5 Ng4 7. Nxd4 Nxe3 8.
fxe3 cxd4 9. exd4 Bb4 10. a3 Ba5 11. b4 Bc7 12. g3 O-O 13. Bh3 d5 14. O-O Bd7
15. Qf3 Rc8 16. Ne2 a5 17. c4 axb4 18. axb4 dxc4 19. dxc4 Bc6 20. Qb3 Be4 21.
Nf4 Qxd4+ 22. Rf2 Qxa1+ 23. Bf1 Bxe5 24. Re2 Qd4+ 25. Re3 Rfd8 26. Ne2 Qxc4 27.
Nc1 Qxb3 28. Rxb3 Bd4+ 0-1

[Event "OS INCLIVEIS"]
[Site "http://www.queenalice.com/game.php?id=1324066"]
[Date "2014.11.24"]
[Round "-"]
[White "adelio"]
[Black "IgorAbreu"]
[Result "1-0"]
[WhiteElo "1740"]
[BlackElo "1402"]

1. Nf3 d5 2. b3 Nc6 3. h3 e6 4. d4 a6 5. Bd2 Nh6 6. Bxh6 gxh6 7. Nc3 Rg8 8. a3
Bg7 9. e3 e5 10. Be2 Be6 11. h4 e4 12. Ng1 Bf6 13. g3 Na7 14. h5 Nb5 15. Nb1 Qd6
16. g4 c5 17. c3 b6 18. Nh3 Bg5 19. f4 Bh4+ 20. Kd2 c4 21. f5 Bd7 22. bxc4 dxc4
23. Bxc4 Bg5 24. Bxf7+ Kxf7 25. Qb3+ Kf8 26. Qb4 a5 27. Qxd6+ Nxd6 28. Nxg5 Rxg5
29. Rh4 Nc4+ 30. Ke2 b5 31. Nd2 Nd6 32. Rc1 a4 33. c4 Rc8 34. c5 Ke7 35. cxd6+
Kxd6 36. Rxc8 Bxc8 37. Nxe4+ Ke7 38. Nxg5 hxg5 39. Rh1 Bd7 40. h6 Kf6 41. e4 Bc8
42. e5+ Ke7 43. Rh5 1-0

[Event "Challenge"]
[Site "http://www.queenalice.com/game.php?id=1334051"]
[Date "2015.1.10"]
[Round "-"]
[White "adelio"]
[Black "IgorAbreu"]
[Result "1-0"]
[WhiteElo "1697"]
[BlackElo "1420"]

1. Nf3 Nc6 2. e4 e5 3. d3 Bb4+ 4. c3 Bf8 5. Ng5 h6 6. Nxf7 Kxf7 7. Be2 g6 8. h4
h5 9. Nd2 Bh6 10. Nf3 Bxc1 11. Rxc1 d6 12. Ng5+ Kg7 13. g4 hxg4 14. Bxg4 Bxg4
15. Qxg4 Nf6 16. Ne6+ Kh7 17. Qg5 Ng8 18. Nxd8 Nxd8 19. h5 Kg7 20. Rg1 Nf7 21.
Qxg6+ Kf8 22. Ke2 Rh6 23. Qxg8+ 1-0

[Event "OS INCLIVEIS"]
[Site "http://www.queenalice.com/game.php?id=1335695"]
[Date "2015.1.19"]
[Round "-"]
[White "IgorAbreu"]
[Black "adelio"]
[Result "1-0"]
[WhiteElo "1459"]
[BlackElo "1693"]

1. e4 a6 2. a4 c5 3. b3 Nc6 4. Nc3 e6 5. g3 Be7 6. h4 d6 7. Nh3 e5 8. Be2 Bxh3
9. Rxh3 Nf6 10. g4 g6 11. g5 Nh5 12. Bxh5 gxh5 13. Qxh5 Nb4 14. Qd1 Qd7 15. Rg3
O-O-O 16. Ba3 f6 17. Bxb4 cxb4 18. Nd5 Kb8 19. Nxb4 Qe6 20. Qe2 d5 21. exd5 Rxd5
22. Nxd5 Qxd5 23. Qg4 a5 24. Rd3 Qh1+ 25. Ke2 Qxa1 26. Qf5 h5 27. gxf6 Rf8 28.
fxe7 Rxf5 29. e8=Q+ Ka7 30. Qe6 Rf4 31. c3 Re4+ 32. Re3 Rxe3+ 33. Kxe3 Qe1+ 34.
Kd3 Qf1+ 35. Kc2 Qxf2 36. Qxe5 Qxh4 37. Qxa5+ Kb8 38. Qb5 Qe4+ 39. Kd1 Qb1+ 40.
Ke2 Qe4+ 41. Kd1 Qb1+ 42. Ke2 Qe4+ 43. Kf2 Qf4+ 44. Ke1 Qg3+ 45. Ke2 Qg2+ 46.
Kd3 Qg6+ 47. Kc4 Qf7+ 48. Qd5 Qxd5+ 49. Kxd5 h4 50. Ke4 h3 51. Kf3 h2 52. Kg2 b6
53. Kxh2 Kc7 54. b4 Kc6 55. c4 Kd6 56. d4 Kc6 57. Kg3 Kb7 58. c5 bxc5 59. dxc5
Kc6 60. Kf4 Kb7 61. Ke5 Kc7 62. b5 Kb7 63. Kd6 Kc8 64. c6 Kb8 65. c7+ Kc8 66. a5
Kb7 67. Kd7 Ka7 68. Kc6 Ka8 69. c8=Q+ Ka7 70. Qb7# 1-0

[Event "Challenge"]
[Site "http://www.queenalice.com/game.php?id=1351444"]
[Date "2015.4.3"]
[Round "-"]
[White "adelio"]
[Black "IgorAbreu"]
[Result "1-0"]
[WhiteElo "1709"]
[BlackElo "1484"]

1. Nf3 d6 2. d4 Nc6 3. c4 Be6 4. e4 Nf6 5. Nc3 Na5 6. b3 b6 7. Be2 c6 8. Ng5 g6
9. d5 Bd7 10. Nxf7 Kxf7 11. h4 h5 12. Bg5 Ng8 13. f3 b5 14. Qd2 a6 15. g4 Bh6
16. f4 hxg4 17. Rf1 e6 18. Bxd8 Rxd8 19. Bxg4 Nf6 20. dxe6+ Bxe6 21. Bxe6+ Kxe6
22. f5+ Ke7 23. Qe2 gxf5 24. Rxf5 Bg7 25. e5 Nd7 26. exd6+ Kxd6 27. Qh2+ Ne5 28.
Rd1+ Kc7 29. Rf7+ Kc8 30. Qh3+ Nd7 31. Rxg7 Rhe8+ 32. Kf1 Kb8 33. Rdxd7 Rf8+ 34.
Kg1 Rde8 35. Qg3+ Ka8 36. Ra7# 1-0

[Event "OS INCLIVEIS"]
[Site "http://www.queenalice.com/game.php?id=1352993"]
[Date "2015.4.11"]
[Round "-"]
[White "adelio"]
[Black "IgorAbreu"]
[Result "0-1"]
[WhiteElo "1766"]
[BlackElo "1477"]

1. c4 e5 2. a3 d6 3. e4 c6 4. Be2 g6 5. Nf3 Be7 6. Nc3 Nf6 7. d3 h5 8. Ng5 Ng4
9. Nxf7 Kxf7 10. g3 Qb6 11. Be3 Nxe3 12. fxe3 Qxe3 13. Qd2 Qb6 14. Rf1+ Ke8 15.
O-O-O Nd7 16. Na4 Qb3 17. Qc2 Bg5+ 18. Kb1 Qxc2+ 19. Kxc2 b5 20. Nc3 bxc4 21.
dxc4 Be7 22. h4 Rb8 23. b4 Ba6 24. b5 Bb7 25. Rd2 Ba8 26. Rfd1 cxb5 27. Nd5 Bxd5
28. exd5 bxc4 29. Bxc4 Rc8 30. Kc3 Nb6 31. Kb3 Rxc4 32. Rc2 Rg4 33. Rc3 a5 34.
a4 Rf8 35. Rdc1 Kf7 36. Rf3+ Kg7 37. Rxf8 Kxf8 38. Rf1+ Ke8 39. Rf3 Nxd5 40. Rd3
Rb4+ 41. Kc2 Nb6 42. Rc3 Nxa4 43. Rc8+ Bd8 44. Kd2 Kd7 45. Ra8 Nb2 46. Ra7+ Bc7
47. Ra8 a4 48. Rg8 a3 49. Kc2 a2 50. Ra8 Na4 51. Rh8 a1=Q 52. Rh7+ Kc6 53. Rg7
Qb2+ 54. Kd3 Qc3+ 55. Ke2 Rb2+ 56. Kf1 Qc1# 0-1

[Event "OS INCLIVEIS"]
[Site "http://www.queenalice.com/game.php?id=1358840"]
[Date "2015.5.11"]
[Round "-"]
[White "adelio"]
[Black "IgorAbreu"]
[Result "1-0"]
[WhiteElo "1742"]
[BlackElo "1505"]

1. f4 d6 2. e4 Nf6 3. d3 Nc6 4. Be2 Qd7 5. h3 b6 6. Nd2 a5 7. Ndf3 Ba6 8. c4 b5
9. b3 b4 10. Ng5 h6 11. Nxf7 Kxf7 12. f5 Ke8 13. Nf3 e5 14. Nh4 Nd4 15. Ng6 Rg8
16. h4 h5 17. Bxh5 Qf7 18. Nxf8 Nxh5 19. Ng6 Kd8 20. Bg5+ Nf6 21. h5 Kd7 22. h6
gxh6 23. Bxh6 Qh7 24. Kf2 Bb7 25. Nf8+ Raxf8 26. Bxf8 Qf7 27. Bh6 Ng4+ 28. Kg1
Ne3 29. Bxe3 Qg7 30. Rh2 c5 31. Qh5 Kc6 32. Rf1 Nc2 33. Bh6 Qg3 34. Qf3 Qxf3 35.
Rxf3 Ne1 36. Rfh3 Rh8 37. g4 Kb6 38. g5 Nxd3 39. g6 Nf4 40. Bxf4 Rxh3 41. g7
Rxh2 42. Bxh2 Bxe4 43. g8=Q Bxf5 44. Qd8+ Kc6 45. Qxa5 e4 46. a3 bxa3 47. Qxa3
Be6 48. Qa8+ Kc7 49. Qxe4 Bd7 50. Qd5 Kb6 51. Bxd6 Bc6 52. Qxc5+ Kb7 53. Qb4+
Kc8 54. c5 Kd7 55. Qg4+ Kd8 56. Qg7 1-0

[Event "OS INCLIVEIS"]
[Site "http://www.queenalice.com/game.php?id=1358841"]
[Date "2015.5.11"]
[Round "-"]
[White "IgorAbreu"]
[Black "adelio"]
[Result "1-0"]
[WhiteElo "1498"]
[BlackElo "1802"]

1. e4 a6 2. f3 c5 3. c3 Nc6 4. Qb3 e6 5. Ne2 Be7 6. g3 d6 7. d3 b5 8. c4 e5 9.
cxb5 Qa5+ 10. Nbc3 Nd4 11. Nxd4 exd4 12. Qd5 axb5 13. Bd2 dxc3 14. Bxc3 b4 15.
Bxg7 Be6 16. Qc6+ Bd7 17. Qd5 Be6 18. Qh5 Nf6 19. Qh6 b3+ 20. Kf2 Rg8 21. Bxf6
Bxf6 22. Qxf6 Qd2+ 23. Be2 bxa2 24. b3 Bxb3 25. Qxd6 Rd8 26. Qb6 Rxd3 27. Qb5+
Ke7 28. Qxd3 Qxd3 29. Bxd3 c4 30. Be2 c3 31. Bd1 Be6 32. Bc2 f6 33. Rhc1 Rc8 34.
f4 Bg4 35. Rxa2 h5 36. Ra7+ Kf8 37. Ba4 Kg8 38. Bd1 Rc5 39. Bxg4 hxg4 40. Rd1
Rc8 41. Ke3 Kf8 42. Kd4 Rd8+ 43. Kxc3 Rxd1 44. Ra8+ Ke7 45. Kc2 Rh1 46. Ra7+ Kd6
47. Ra6+ Kc5 48. Rxf6 Rxh2+ 49. Kd3 Rh3 50. e5 Rxg3+ 51. Ke2 Rf3 52. e6 Kd6 53.
f5 Ra3 54. Rg6 Ra4 55. Rg7 Kc6 56. e7 Re4+ 57. Kd3 Kd5 58. f6 Re6 59. Rxg4 Kc6
60. f7 Rxe7 61. f8=Q Rd7+ 62. Kc4 Rc7 63. Qf6+ Kb7+ 64. Kb5 Rh7 65. Rg8 Rh5+ 66.
Kc4 Rh7 67. Qg6 Rc7+ 68. Kb5 Re7 69. Qb6# 1-0

[Event "Challenge"]
[Site "http://www.queenalice.com/game.php?id=1362298"]
[Date "2015.5.29"]
[Round "-"]
[White "edemarc"]
[Black "IgorAbreu"]
[Result "0-1"]
[WhiteElo "1544"]
[BlackElo "1506"]

1. e4 e5 2. Nf3 Nc6 3. d3 d6 4. Nc3 b6 5. Nb5 a6 6. Nc3 Nge7 7. d4 Ng6 8. g3 Bb7
9. d5 Nce7 10. Bh3 f6 11. Be3 a5 12. O-O Bc8 13. Bg2 c6 14. dxc6 Nxc6 15. Nd5
Ra6 16. c3 Be6 17. Nxb6 Rxb6 18. b3 Rb8 19. a3 Rxb3 20. Qc2 Rb8 21. Rfd1 Bb3 22.
Qd2 Bxd1 23. Rxd1 Rb7 24. Qd3 Rb3 25. a4 Nb4 26. Qb5+ Ke7 27. Bb6 Qb8 28. Bh3
Kf7 29. Qd7+ Be7 30. Bc7 Qb7 31. Rxd6 Nf8 32. Nxe5+ fxe5 33. Be6+ Kf6 34. Bxb3+
Bxd6 35. Qf7+ Kg5 36. h4+ Kh6 37. g4 Ng6 38. g5+ Kh5 39. Bd1+ Kxh4 40. Kg2 Rf8
41. Qxg7 Qxe4+ 42. Kf1 Qh1+ 43. Ke2 Qf3+ 44. Kd2 Qxf2+ 45. Kc1 Nd3+ 46. Kb1 Qb2#
0-1

[Event "Challenge"]
[Site "http://www.queenalice.com/game.php?id=1367454"]
[Date "2015.6.25"]
[Round "-"]
[White "IgorAbreu"]
[Black "adelio"]
[Result "0-1"]
[WhiteElo "1519"]
[BlackElo "1729"]

1. d4 d5 2. e3 c5 3. dxc5 e6 4. b4 Be7 5. Nc3 Nf6 6. Qd4 Nc6 7. Qf4 e5 8. Qg5
O-O 9. Nge2 Ng4 10. Qh5 g6 11. Qh3 Nxf2 12. Qh6 Nxh1 13. e4 d4 14. b5 Nb4 15.
Rb1 Nxc2+ 16. Kd1 Ne3+ 17. Bxe3 dxe3+ 18. Kc2 Qd2+ 19. Kb3 Nf2 20. h3 Qd3 21.
Ng3 Be6+ 22. Kb2 Qd2+ 23. Ka1 Qxc3+ 0-1

[Event "Challenge"]
[Site "http://www.queenalice.com/game.php?id=1367456"]
[Date "2015.6.25"]
[Round "-"]
[White "adelio"]
[Black "IgorAbreu"]
[Result "1-0"]
[WhiteElo "1745"]
[BlackElo "1526"]

1. f4 e6 2. Nf3 Bd6 3. d4 Nf6 4. Ng5 Nd5 5. Nxf7 Kxf7 6. e3 c6 7. Be2 a6 8. O-O
b6 9. c4 Nf6 10. Nc3 c5 11. d5 e5 12. e4 Ke8 13. f5 g6 14. Bh6 gxf5 15. Rxf5 Ng8
16. Bh5+ Ke7 17. Bg5+ Nf6 18. Bxf6+ Kf8 19. Bxd8+ 1-0

[Event "Challenge"]
[Site "http://www.queenalice.com/game.php?id=1370799"]
[Date "2015.7.9"]
[Round "-"]
[White "IgorAbreu"]
[Black "adelio"]
[Result "0-1"]
[WhiteElo "1517"]
[BlackElo "1636"]

1. e4 a6 2. f3 c5 3. c3 Nc6 4. d4 e6 5. dxc5 Bxc5 6. a3 Bxg1 7. Rxg1 b5 8. g3
Qb6 9. Rg2 Nge7 10. Qe2 d6 11. Be3 Qa5 12. Qd2 O-O 13. Qxd6 Rd8 14. Qc5 Qa4 15.
Nd2 Qa5 16. Be2 Bb7 17. Bd1 Rac8 18. Qa7 Nxa7 19. Bxa7 Nc6 20. Bc5 Ne5 21. Be7
Rd7 22. f4 Nd3+ 23. Ke2 Nxb2 24. Bb4 Qb6 25. Bc2 Nc4 26. Nxc4 Rxc4 27. Rd1 Rxd1
28. Bxd1 Rxe4+ 29. Kf3 Rxb4+ 30. Kg4 f5+ 31. Kh3 Bxg2+ 32. Kxg2 Rb2+ 33. Kh3 Qg1
34. Bf3 Qxh2# 0-1

[Event "Challenge"]
[Site "http://www.queenalice.com/game.php?id=1370800"]
[Date "2015.7.9"]
[Round "-"]
[White "adelio"]
[Black "IgorAbreu"]
[Result "1-0"]
[WhiteElo "1717"]
[BlackElo "1524"]

1. f4 e6 2. h4 f5 3. h5 d6 4. d4 Nc6 5. c3 e5 6. Nf3 e4 7. Nh4 g6 8. e3 Be7 9.
g3 Bxh4 10. Rxh4 g5 11. Rh3 gxf4 12. exf4 Qf6 13. Be3 d5 14. Na3 a6 15. Be2 Nh6
16. Kd2 Rg8 17. Qh1 Ng4 18. Rg1 Be6 19. h6 Nxe3 20. Kxe3 Na5 21. b4 Nc4+ 22.
Nxc4 dxc4 23. Rh4 b6 24. g4 b5 25. g5 Qg6 26. Bh5 Qf7 27. Bxf7+ Kxf7 28. Rh2 a5
29. Rhg2 axb4 30. g6+ hxg6 31. Rxg6 Rxg6 32. Qh5 Rg8 33. h7 Kf6 34. Qh4+ Kf7 35.
hxg8=Q+ Rxg8 36. Qh5+ Ke7 37. Qh7+ Kf8 38. Qh6+ Ke8 39. Qxe6+ Kd8 40. Rxg8# 1-0

[Event "Challenge"]
[Site "http://www.queenalice.com/game.php?id=1371507"]
[Date "2015.7.13"]
[Round "-"]
[White "AntonioMelo"]
[Black "IgorAbreu"]
[Result "1-0"]
[WhiteElo "1867"]
[BlackElo "1517"]

1. f4 d5 2. Nf3 e6 3. e3 c6 4. Be2 Nf6 5. O-O Ne4 6. d4 f6 7. c3 g6 8. Nbd2 b6
9. Nxe4 dxe4 10. Nd2 f5 11. Nc4 Ba6 12. Ne5 Bxe2 13. Qxe2 Bd6 14. Qc4 Qc8 15.
Qb3 Nd7 16. Qxe6+ Be7 17. Nxc6 Nf8 18. Qxe7# 1-0